01626nam a2200385Ia 4500001001200000003000800012006001900020007001500039008004100054020001800095020001800113040002100131035002100152043001200173050002800185100002800213245012900241260005000370300001600420490004100436500004900477504004100526533015200567650004800719650005700767650006300824650003400887650002700921655002900948710002200977710004700999710001701046830005101063856012601114ebr10678754CaPaEBRm u cr cn|||||||||121010s2012 cau sb 000 0 eng d z9780833077356 z9780833077028 aCaPaEBRcCaPaEBR a(OCoLC)822979203 an-us---14aTL725.3.S44bJ46 2012eb1 aJenkins, Brian Michael.10aAviation securityh[electronic resource] :bafter four decades, it's time for a fundamental review /cBrian Michael Jenkins. a[Santa Monica, Calif.] :bRand Corp.,cc2012. a11, [1] p. 1 aOccasional paper ;vOP-390-RC (2012) a"RAND Homeland Security and Defense Center." aIncludes bibliographical references. aElectronic reproduction.bPalo Alto, Calif. :cebrary,d2013.nAvailable via World Wide Web.nAccess may be limited to ebrary affiliated libraries. 0aAirportsxSecurity measureszUnited States. 0aAirline passenger security screeningzUnited States. 0aAeronautics, CommercialxSecurity measureszUnited States. 0aAeronauticsxSafety measures. 0aTerrorismxPrevention. 7aElectronic books.2local2 aRand Corporation.2 aRAND Homeland Security and Defense Center.2 aebrary, Inc. 0aOccasional paper (Rand Corporation) ;vOP-390.40uhttp://site.ebrary.com/lib/rucke/Doc?id=10678754zAn electronic book accessible through the World Wide Web; click to view